Thanh kiếm và lá chắn; T1 Tiểu thuyết tình báo

保存先:
書誌詳細
第一著者: Vadim Kojevnikov
フォーマット: 図書
言語:Undetermined
出版事項: Tp. HCM Văn nghệ 1982
主題:
タグ: タグ追加
タグなし, このレコードへの初めてのタグを付けませんか!
Thư viện lưu trữ: Trung tâm Học liệu Trường Đại học Cần Thơ
LEADER 00543nam a2200181Ia 4500
001 CTU_15936
008 210402s9999 xx 000 0 und d
082 |a 891.744 
082 |b K87/T.1 
100 |a Vadim Kojevnikov 
245 0 |a Thanh kiếm và lá chắn; T1 
245 0 |b Tiểu thuyết tình báo 
245 0 |c Vadim Kojevnikov, Dương Cầm, Hải Đình 
260 |a Tp. HCM 
260 |b Văn nghệ 
260 |c 1982 
650 |a russian fiction 
980 |a Trung tâm Học liệu Trường Đại học Cần Thơ